| 000 | 01113nam a22002777i 4500 | ||
|---|---|---|---|
| 003 | EG-ScBUE | ||
| 005 | 20221208152042.0 | ||
| 008 | 100624s1988 iq f 001 0 ara d | ||
| 017 | _a1988 / 395 | ||
| 040 |
_aEG-ScBUE _bara _erda _cEG-ScBUE _dEG-ScBUE |
||
| 082 | 0 | 4 |
_222 _bر ج ب _a782.42927567 |
| 100 | 1 |
_aرجب، الحاج هاشم محمد، _eمؤلف. |
|
| 245 | 1 | 2 |
_aالأبوذية / _cجمع واختيار الحاج هاشم محمد الرجب. |
| 250 | _aالطبعة الأولى. | ||
| 264 | 1 |
_aبغداد : _bمركز التراث الشعبي لدول الخليج العربية، _c1988. |
|
| 300 |
_a487 صفحة ؛ _c24 سم |
||
| 500 | _aيشتمل على كشاف بالأعلام. | ||
| 541 |
_a؛ ألف باء _c؛ شراء |
||
| 650 | 7 |
_915183 _aالأغاني الشعبية العراقية. _2BUEsh |
|
| 650 | 7 |
_915193 _aالشعر الشعبي العراقي. _2BUEsh |
|
| 650 | 7 |
_915194 _aالفولكلور العراقي. _2BUEsh |
|
| 650 | 7 |
_915196 _aالأدب الشعبي _zالعراق. _2BUEsh |
|
| 653 | _bART | ||
| 655 | _vReading book | ||
| 942 |
_2ddc _cBB |
||
| 999 |
_c14204 _d14204 |
||